[Event "22nd OIBM 2018"]
[Site "Gmund am Tegernsee"]
[Date "2018.10.31"]
[Round "5"]
[White "Baldauf, Marco"]
[Black "Papp, Gabor"]
[Result "0-1"]
[WhiteElo "2472"]
[BlackElo "2591"]
[Annotator "TA"]
[PlyCount "122"]
[EventDate "2018.10.27"]
[EventType "swiss"]
[EventCountry "GER"]
[SourceTitle "playchess.com"]
[Source "ChessBase"]
[SourceQuality "1"]

{[%evp 18,122,32,43,35,42,44,48,42,36,64,41,44,39,50,34,45,43,55,-18,-16,-18,-8,-10,-20,-11,-7,-25,-10,-25,15,0,0,0,0,-27,-25,-25,-20,-34,-9,-10,0,0,0,-29,0,0,0,0,0,0,0,0,3,3,68,0,56,12,102,119,206,206,1586,874,1595,1531,29974,29974,5206,211,214,201,181,158,163,157,148,160,164,141,139,155,156,75,143,0,156,99,149,79,151,118,159,166,144,100,105,105,109,71,83,-420,-415,-390,-382]} 1. d4 Nf6 2. c4 {[%cal Bc2c4,Bc4b5][%mdl 32]} c5 3. d5 b5 4. cxb5 a6 5. bxa6 g6 6. Nc3 {A58: Benko/Volga Gambit: Lines with 5 bxa6} Bg7 7. e4 {[%cal Be2e4,Be4d5][%mdl 32]} (7. Nf3 O-O 8. g3 d6 9. Bg2 Nxa6 10. O-O Bf5 11. Nh4 Bd7 12. b3 Qb6 13. Bd2 Rfb8 14. Re1 Nc7 15. Qc2 Ra3 16. Qc1 Qa7 17. e4 Ng4 18. h3 {0-1 (38) Li,C (2732)-Shankland,S (2671) Liaocheng 2018}) 7... O-O 8. a7 Rxa7 9. Nf3 e6 10. Be2 {LiveBook: 36 Games} exd5 11. exd5 Ba6 12. O-O d6 13. Re1 Rb7 14. Qc2 $146 Bxe2 15. Rxe2 Na6 {[%cal Bb8a6,Ba6b4,Bb4d3][%mdl 32]} 16. Bf4 Nb4 17. Qd2 c4 18. Rd1 (18. Bg5 $14) 18... Nd3 $11 19. b3 Nxf4 20. Qxf4 cxb3 21. axb3 Nh5 22. Qd2 Rxb3 23. Nd4 Ra3 24. g3 Qb6 25. Ne4 {next Nc6 is good for White.} Nf6 26. Nxf6+ Bxf6 27. Nc6 Kg7 28. Qf4 Qc5 29. Rc1 Ra1 30. Rxa1 Bxa1 31. Qe4 (31. Qa4 $5 {[%cal Ra4a1]} Bf6 32. Qa2 $11) 31... Bf6 32. Ra2 Rc8 33. Ra7 Rf8 34. Rd7 Qb5 35. Ra7 Qb3 36. Kg2 {White wants to play Rd7.} Qb2 (36... Qb6 $11) 37. h3 (37. Rd7 $1 $14) 37... Qd2 (37... Qb6 $11) 38. h4 Bc3 (38... Qc1 $11 {remains equal.}) 39. Rd7 $16 Bb2 (39... Qe1 $16 40. Qf3 h5) 40. Rxd6 $18 Ba3 $2 (40... Bc3 41. Rd7 Bf6) 41. Qe5+ Kh6 42. Rd7 Bb2 43. Qe7 Kg7 44. Qe4 $2 (44. Nd8 {Intending Ne6+ and mate.} Kg8 45. Ne6 $1 {[%mdl 512]}) 44... Bf6 45. Ne5 Qb2 46. Nf3 Qb5 47. Rd6 Re8 48. Qf4 Qb2 49. Rd7 {aiming for Ng5.} h6 50. Qc7 Rf8 {[#]} 51. Qa7 (51. Qc4 $142 $1) 51... Qa1 (51... Qb5 $142 52. h5 Qb1) 52. Qc7 (52. Qxa1 $16 Bxa1 53. Nd2) 52... Qc3 $2 (52... Qb2 $1 $11) 53. Qb6 (53. Qf4 $142) 53... Qb2 54. Qe6 (54. Qxb2 $142 Bxb2 55. Nd2) 54... Kg8 ({Black should try} 54... Bd4 55. Nxd4 Qxd4) 55. Qe3 Qb5 56. Rd6 Bg7 57. Qe7 Qe8 58. Qa7 Qe4 59. Qd7 Rb8 {Hoping for ...Rb3.} 60. Rc6 $2 {[%mdl 8192]} (60. Qc7 $16 {stays on course.} Rb3 61. Rd8+ Bf8 62. Qf4 Qxf4 63. gxf4) 60... Rb3 $19 61. Qd8+ Kh7 {Precision: White = 49%, Black = 51%.} 0-1

[Event "22nd OIBM 2018"]
[Site "Gmund am Tegernsee"]
[Date "2018.10.31"]
[Round "5"]
[White "Hoffmann, Michael"]
[Black "Paris, Michael"]
[Result "1-0"]
[WhiteElo "2441"]
[BlackElo "2117"]
[Annotator "TA"]
[PlyCount "75"]
[EventDate "2018.10.27"]
[EventType "swiss"]
[EventCountry "GER"]
[SourceTitle "playchess.com"]
[Source "ChessBase"]
[SourceQuality "1"]

{[%evp 15,75,14,12,7,0,2,30,11,20,20,23,12,17,18,40,22,34,39,40,38,42,22,38,24,33,30,431,430,427,412,413,410,412,384,445,442,441,39,441,445,428,426,427,400,397,380,391,372,430,443,491,481,491,465,484,478,519,529,536,532,514,512]} 1. d4 d5 2. c4 e6 3. Nc3 Bb4 4. cxd5 exd5 5. Bf4 Ne7 6. e3 {D31: Queen's Gambit Declined: Semi-Slav without ...Nf6 (+ Marshall Gambit and Noteboom) and Exchange Variation lines without ...Nf6} c6 7. Bd3 Bf5 8. Nge2 O-O {LiveBook: 3 Games} 9. O-O Bxd3 10. Qxd3 Bd6 (10... Ng6 {seems wilder.} 11. Bg3 Nd7 12. Na4 Nf6 13. Qb3 Qe7) 11. f3 Bxf4 $146 ({Predecessor:} 11... Na6 12. e4 Bxf4 13. Nxf4 {0-1 (62) Moiseenko,A (2648)-Sanikidze,T (2548) Almaty 2016}) 12. Nxf4 Qd6 13. Qd2 Nf5 14. Rad1 Rd8 15. Qd3 Qf6 16. Nce2 Nd7 17. e4 $36 {[%mdl 2048] Black is under pressure.} Ne7 18. e5 Qh6 19. Nh3 Qg6 20. Qa3 {[#] aiming for Nef4.} Qc2 $2 {[%mdl 8192]} (20... Re8 $11 {and Black is okay.}) 21. Qxe7 $18 Qxe2 22. Rfe1 Qc2 23. e6 fxe6 24. Qxe6+ Kf8 25. Ng5 {[%csl Gg5][%cal Re6f7] [#]} Qg6 26. Qe7+ Kg8 27. Ne6 Qf6 28. Nxd8 Rxd8 29. Re6 Qxe7 30. Rxe7 {[%mdl 4096] Endgame KRR-KRN} Kf8 31. Rde1 b6 32. b4 {White is clearly winning.} a5 33. bxa5 bxa5 34. h4 a4 35. Kh2 c5 36. dxc5 Nxc5 37. Rc7 Nd7 38. Re6 {Precision: White = 84%, Black = 53%.} 1-0

[Event "22nd OIBM 2018"]
[Site "Gmund am Tegernsee"]
[Date "2018.10.31"]
[Round "5"]
[White "Souleidis, Georgios"]
[Black "Huber, Benedikt"]
[Result "1-0"]
[WhiteElo "2436"]
[BlackElo "2116"]
[Annotator "TA"]
[PlyCount "95"]
[EventDate "2018.10.27"]
[EventType "swiss"]
[EventCountry "GER"]
[SourceTitle "playchess.com"]
[Source "ChessBase"]
[SourceQuality "1"]

{[%evp 27,95,9,11,16,18,10,44,47,46,8,10,7,2,2,4,0,0,0,2,0,5,6,5,6,6,0,10,0,40,48,67,60,96,56,65,86,78,39,42,34,50,49,43,33,37,29,37,28,129,98,134,142,129,141,145,145,156,151,160,131,235,197,187,99,452,435,594,577,614,606]} 1. e4 e6 2. d4 d5 3. exd5 exd5 4. Nf3 Nc6 5. Bb5 Bd6 6. c4 dxc4 7. d5 {[%cal Bd4d5,Bd5c6][%mdl 32]} a6 8. Ba4 b5 9. dxc6 bxa4 10. O-O {C01: French: Exchange Variation} Ne7 11. Nbd2 Be6 (11... c3 12. Ne4 O-O 13. Qxa4 Qe8 14. Nxd6 cxd6 15. Nd4 Bb7 16. Re1 Bxc6 17. Qa3 Qd7 18. Qxc3 {½-½ (54) Meier,G (2644)-Bluebaum,M (2642) Dresden 2017}) 12. Qxa4 Bd5 13. Nxc4 Bxc6 14. Nxd6+ Qxd6 {LiveBook: 3 Games} 15. Qg4 O-O 16. Bf4 Qe6 $146 ({Predecessor:} 16... Qb4 17. a3 Qb7 {1-0 (34) Arbunic Castro,G (2049)-Collado Barbas,L (2122) Madrid 2013}) 17. Qxe6 fxe6 18. Bxc7 Bxf3 19. Bd6 Ra7 20. gxf3 Rxf3 21. Rfd1 Rf5 22. Bg3 Rd5 23. Rxd5 Nxd5 $11 {[%mdl 4096] Endgame KRB-KRN} 24. Rc1 Rb7 25. b3 Kf7 26. Kf1 Rb6 27. Rc4 Ne7 28. Rc7 {[#] Bh4 is the strong threat.} Rc6 29. Ra7 {Strongly threatening Bh4.} g5 30. Be5 h6 31. Ke2 Ke8 32. Kd3 Rc5 33. Bc3 Nd5 34. Bd2 Rc6 35. Rh7 e5 36. Ra7 Nf6 37. Be3 Nd7 (37... Nd5 $11 {keeps the balance.}) 38. b4 $16 Ke7 39. a4 {[%cal Ba2a4,Ba4b5][%mdl 32]} Kd6 40. b5 axb5 41. axb5 Rc8 42. Ra6+ Kd5 43. Rxh6 e4+ (43... Nc5+ $16 44. Ke2 Ne6) 44. Kd2 Ne5 {[#]} 45. Bxg5 (45. Rh5 $1 $18) 45... Rb8 $2 {[%mdl 8192]} (45... Nf3+ $16 {is a better chance.} 46. Kd1 Kc5) 46. Bf4 $18 {Threatens to win with Rh5.White is clearly winning.} Nc4+ 47. Kc3 Rc8 48. Kb4 {Precision: White = 68%, Black = 49%.} 1-0

[Event "22nd OIBM 2018"]
[Site "Gmund am Tegernsee"]
[Date "2018.10.31"]
[Round "5"]
[White "Meins, Gerlef"]
[Black "Kastek, Thomas"]
[Result "1-0"]
[WhiteElo "2408"]
[BlackElo "2096"]
[Annotator "TA"]
[PlyCount "160"]
[EventDate "2018.10.27"]
[EventType "swiss"]
[EventCountry "GER"]
[SourceTitle "playchess.com"]
[Source "ChessBase"]
[SourceQuality "1"]

{[%evp 19,160,36,63,73,70,52,80,62,77,83,76,16,66,56,60,52,61,59,58,66,60,18,24,29,34,27,115,129,118,118,125,97,82,95,104,27,48,54,197,195,211,211,195,99,155,155,148,141,143,87,89,76,83,89,144,97,99,0,0,0,0,0,0,0,0,0,81,0,66,71,96,92,103,112,168,92,225,0,0,0,221,0,243,0,0,0,226,0,0,0,0,0,0,0,0,0,0,0,0,0,8,0,103,65,345,289,570,254,423,219,880,531,775,685,652,627,1300,308,224,183,1152,1109,29966,29967,29963,5189,10903,6215,29974,29975,29973,29974,29975,29977,29980,29977,29982,29971,29947,7539,5061,3994,2325]} 1. Nf3 d5 2. g3 Nf6 3. Bg2 e6 4. O-O Be7 5. d4 O-O 6. c4 c6 7. Qc2 b6 8. b3 Bb7 9. Rd1 Na6 10. Nc3 Rc8 11. e4 {E06: Closed Catalan: Early deviations} h6 12. Bf4 Qd7 $146 ({Predecessor:} 12... Re8 13. Ne5 Bb4 14. exd5 exd5 15. a3 Bd6 16. Qf5 Nc7 17. b4 Ne6 18. Be3 Rc7 {1-0 (36) Vidit,S (2651)-Karthikeyan,P (2441) Thiruvarur 2015}) 13. Ne5 {White is better.} Qd8 14. a3 Bd6 15. Nxc6 (15. Qc1 $16) 15... Bxc6 16. Bxd6 $1 Qxd6 17. e5 Qd8 {Strongly threatening ...Nd7.} 18. exf6 Qxf6 19. b4 Nc7 20. c5 bxc5 21. dxc5 Rfd8 22. Rab1 Nb5 (22... Rb8 $11 {keeps the balance.}) 23. Nxb5 $16 Bxb5 24. a4 $1 {[%cal Ra4b5]} Bc4 25. Bf1 $1 Bxf1 26. Rxf1 d4 27. Rb3 (27. c6 $1 $16) 27... e5 28. b5 d3 ({Black should play} 28... e4 $14) 29. Rxd3 $18 Rxd3 30. Qxd3 Rxc5 {[%mdl 4096] Endgame KQR-KQR} 31. Rd1 (31. Qd7 $18 Qb6 32. Qe8+ Kh7 33. Qxf7) 31... Qb6 (31... Qe6 $142) 32. Qd8+ $16 Kh7 33. Qd7 Qc7 34. Qf5+ (34. Kg2 $142) 34... g6 35. Qf6 Rc1 36. Rxc1 Qxc1+ {KQ-KQ} 37. Kg2 Qc4 38. a5 (38. h4 $16) 38... Qd5+ $11 39. Kg1 Qd1+ 40. Kg2 Qd5+ 41. Qf3 e4 42. Qf6 Kg8 (42... e3+ $11 43. Qf3 Qa2 44. Qxe3 Qxa5) 43. b6 (43. Qc6 $16 Qf5 44. Kg1) 43... axb6 (43... e3+ $11 44. Qf3 Qxa5) 44. axb6 $14 Qb3 45. Qd8+ Kg7 46. Qd4+ Kf8 (46... Kh7 $16 {keeps fighting.}) 47. h4 (47. Kf1 $18) 47... h5 (47... Kg8 $16 {was necessary.}) 48. Kh2 $2 (48. Kf1 $1 $18) 48... Kg8 $11 49. Kg2 $2 (49. Qf6 $11) 49... Kf8 $18 50. Qe3 $2 (50. Kf1 $1 $18) 50... Qd5 $2 (50... Qb4 $11) 51. Qe2 $2 (51. Kh2 $1 $18) 51... Qb3 $11 52. Qe3 $2 (52. Qa6 $11 Qf3+ 53. Kg1) 52... Qd5 $18 {[#]} 53. f3 $2 (53. Kh2 $1 $18) 53... Qa2+ 54. Qf2 exf3+ 55. Kxf3 Qd5+ 56. Ke2 Ke7 57. Qe3+ Kf8 58. Kf2 Kg7 59. Qc3+ Kh7 60. Qb2 {Threatens to win with b7.} Qb7 (60... Qc5+ $11 {remains equal.} 61. Kg2 Qd5+ 62. Kh2 Qb7) 61. Qb5 $16 Kg7 $2 {[%mdl 8192] [#]} ({Black should try} 61... Kg8 $1 $14) 62. Ke3 $1 $18 Qg2 $2 (62... Kg8 {is a better defense.} 63. Kd4 Kh7) 63. Qe5+ (63. b7 $142 {Threatening mate with Qe5+.} Qxg3+ 64. Ke2 Qh2+ 65. Kd1 Qd6+ 66. Kc2 Qc7+ 67. Kb3 Qg3+ 68. Ka4) 63... Kg8 {Threatening ...Qg1+.} 64. Qd6 Qb2 $2 (64... Kg7 65. Kd4 Qf2+ 66. Kc3 Qe1+ 67. Kc4 Qe2+ 68. Kc5 Qc2+ 69. Kb4 Qf5 70. Qd4+ Kg8 71. Qd8+ Kg7) 65. Ke4 Qg2+ 66. Kd4 Qb2+ 67. Kc5 Qg2 68. Kb5 $2 (68. Qb8+ Kh7 69. Qc7 Qf2+ 70. Kd6) 68... Qf3 69. Qe5 Qb7 $2 (69... Qa8 70. Qd6 Qf3 71. Qb8+ Kg7) 70. Qe8+ Kg7 71. Qc6 Qe7 72. Qc3+ (72. b7 $142 Qa3 73. Qc5 Qxg3 74. Qd4+ Kh7 75. Kc6 Qb3 76. Qd6 Qc4+ 77. Kd7 Qb5+ 78. Kc8) 72... Kh7 73. Ka6 Qe6 74. Ka7 Qa2+ 75. Kb8 Qe6 76. b7 Qd6+ 77. Ka7 Qd7 78. Qc4 Qe7 79. Qd4 (79. Qd5 $142 Kg7 80. Kb6 Qf6+ 81. Kb5 Qb2+ 82. Kc6 Qc3+ 83. Qc5 Qxg3 84. Qd6 Qf3+ 85. Kc7 Qc3+ 86. Kd7 Qh3+ 87. Ke8 Qe3+ 88. Kd8) 79... Qc7 80. Qb6 Qd7 {Precision: White = 45%, Black = 35%.} 1-0

[Event "22nd OIBM 2018"]
[Site "Gmund am Tegernsee"]
[Date "2018.10.31"]
[Round "5"]
[White "Morawietz, Dieter"]
[Black "Zeier, Klaus"]
[Result "1/2-1/2"]
[WhiteElo "2408"]
[BlackElo "2228"]
[Annotator "TA"]
[PlyCount "97"]
[EventDate "2018.10.27"]
[EventType "swiss"]
[EventCountry "GER"]
[SourceTitle "playchess.com"]
[Source "ChessBase"]
[SourceQuality "1"]

{[%evp 21,97,21,37,0,0,0,5,0,0,7,15,7,23,26,31,18,25,26,24,8,27,0,0,0,0,0,0,0,21,16,12,24,19,10,24,27,37,42,57,16,27,0,0,0,0,0,0,-6,0,0,0,-6,181,0,60,0,25,0,18,18,12,12,12,12,12,12,12,12,12,19,26,26,41,41,41,49,50,0]} 1. d4 Nf6 2. c4 e6 3. Nf3 d5 4. e3 Be7 5. Nc3 O-O 6. Bd3 b6 7. O-O Bb7 8. b3 Nbd7 9. Bb2 c5 10. Qe2 Rc8 11. Rad1 Qc7 {LiveBook: 12 Games. E14: Queen's Indian: Classical Variation (4 e3)} 12. e4 (12. Ne5 {with more complications.} dxc4 13. Bxc4 cxd4 14. exd4 Nxe5 15. dxe5 Qc6 16. f3) (12. Ne5 dxc4 13. bxc4 cxd4 14. exd4 Nxe5 15. dxe5 Ne8 16. Rfe1 g6 17. Qe3 Ng7 18. Nb5 Qc6 19. Qh3 {1-0 (45) Pinter,J (2570)-Stojanovic,M (2585) Buchen 2009}) 12... dxe4 13. Nxe4 Nxe4 {The position is equal.} 14. Bxe4 Bxe4 $146 ({Predecessor:} 14... Bf6 15. d5 exd5 16. Bxd5 Bxd5 17. Rxd5 Bxb2 18. Qxb2 {½-½ (31) Delander,A-Pfleger,H Bad Aibling 1965}) 15. Qxe4 Bf6 16. Rd2 Rcd8 17. Rfd1 Rfe8 18. g3 h6 19. h4 Nb8 20. Ne5 (20. Ba3 {seems wilder.} cxd4 21. Nxd4 a6 22. Nf3 Rxd2 23. Rxd2 Nd7 24. Bd6) 20... Bxe5 21. dxe5 Rxd2 22. Rxd2 Rd8 23. Rxd8+ Qxd8 24. Qb7 a5 25. Kg2 Nd7 26. Kf3 Nf8 27. Ke2 Nd7 28. Bc3 Nf8 29. Qc6 Ng6 30. h5 Ne7 31. Qd6 Qxd6 32. exd6 $11 {[%mdl 4096] Endgame KB-KN} Nc6 33. f4 f6 $1 34. Kd3 Kf7 35. g4 {[%cal Bg3g4,Bg4g5][%mdl 32]} Nd8 $1 36. Ke4 Nc6 $2 {[#]} (36... Nb7 $11 {and Black stays safe.}) 37. Bb2 $2 ({White must play} 37. g5 $1 $18) 37... Nb8 ({Better is} 37... Nd8 $1 $11) 38. Bc3 (38. a3 $14) 38... Nd7 39. Bd2 Nf8 40. g5 f5+ $1 41. Kf3 g6 42. gxh6 {[#] Threatens to win with h7!} gxh5 43. Bc3 {Hoping for d7!} Kg6 $1 44. Bg7 Nd7 45. Kg3 Nb8 46. Kh3 Nd7 47. Kh4 {White is slightly better.} Nb8 48. Kg3 Nd7 49. Kh4 {Precision: White = 59%, Black = 41%.} 1/2-1/2

[Event "22nd OIBM 2018"]
[Site "Gmund am Tegernsee"]
[Date "2018.10.31"]
[Round "5"]
[White "Zajogin, Alexander"]
[Black "Lochte, Thomas"]
[Result "1-0"]
[WhiteElo "2408"]
[BlackElo "2095"]
[Annotator "TA"]
[PlyCount "65"]
[EventDate "2018.10.27"]
[EventType "swiss"]
[EventCountry "GER"]
[SourceTitle "playchess.com"]
[Source "ChessBase"]
[SourceQuality "1"]

{[%evp 18,65,24,23,43,37,44,42,68,74,66,66,120,115,122,124,131,138,135,134,155,148,229,221,214,226,223,223,293,288,292,295,413,406,393,402,436,433,382,403,412,397,720,721,710,706,1385,1365,1318,1303]} 1. d4 Nf6 2. c4 e5 3. dxe5 Ng4 4. e3 Bb4+ 5. Bd2 Bxd2+ 6. Qxd2 Nxe5 7. Nh3 O-O 8. Nf4 d6 9. Nc3 Nbd7 {A52: Budapest Gambit} (9... Nbc6 10. Be2 Ne7 11. O-O N7g6 12. Rad1 Nxf4 13. exf4 Nd7 14. Bf3 a5 15. Ne4 Qh4 16. g3 Qh6 17. Rfe1 {½-½ (41) Sakaev,K (2594)-Shcherbakov,R (2516) Sochi 2016}) 10. Be2 {LiveBook: 9 Games} Nf6 11. O-O Bf5 {White is slightly better.} 12. Rfd1 $146 ({Predecessor:} 12. Rad1 h6 13. Nfd5 Re8 14. Nxf6+ Qxf6 15. Nd5 Qd8 16. Qb4 {½-½ (26) Baginskaite,C (2299)-Epstein,E (2178) San Diego 2006}) 12... Ne4 13. Nxe4 Bxe4 14. Qd4 Bg6 (14... Bc6 $14) 15. c5 $16 Nc6 16. Qa4 Qf6 17. cxd6 cxd6 18. Rd2 Rfe8 19. Bf3 Ne5 (19... Rac8 $16 20. Rad1 Bf5) 20. Bxb7 $18 Rab8 21. Rad1 {[%cal Ba1d1,Bd1f1,Bf1f4,Bf4c4][%mdl 32]} ({And not} 21. Qxa7 Qe7 $17) 21... Red8 22. Bd5 ({Don't take} 22. Qxa7 $6 Qe7 $16) 22... Bf5 23. Qxa7 Bg4 24. f3 {[%cal Bf2f3,Bf3g4][%mdl 32]} g5 25. fxg4 gxf4 26. Rf1 Rb4 27. a3 Rd7 28. Qa8+ Rd8 29. Qa5 ({Inferior is} 29. axb4 Rxa8 30. Bxa8 Qd8 $11) 29... Rc4 $2 {[#]} (29... Rbb8 30. g5 Qf5) 30. Bxc4 {White is clearly winning.} Nxc4 31. Rxf4 Qe7 32. Rxc4 Qxe3+ 33. Rf2 {Precision: White = 89%, Black = 23%.} 1-0

[Event "22nd OIBM 2018"]
[Site "Gmund am Tegernsee"]
[Date "2018.10.31"]
[Round "5"]
[White "Colpe, Malte"]
[Black "Gschwendtner, Klaus"]
[Result "1-0"]
[WhiteElo "2379"]
[BlackElo "2086"]
[Annotator "TA"]
[PlyCount "79"]
[EventDate "2018.10.27"]
[EventType "swiss"]
[EventCountry "GER"]
[SourceTitle "playchess.com"]
[Source "ChessBase"]
[SourceQuality "1"]

{[%evp 20,79,57,47,159,158,179,100,102,100,102,81,105,103,143,84,82,87,99,83,115,101,116,93,112,120,198,196,177,75,73,89,90,90,111,111,110,112,114,110,116,108,120,109,96,68,72,71,252,242,264,255,272,266,409,416,432,421,418,417,405,399]} 1. e4 {Bologan,V} e5 2. Nf3 Nc6 3. Bc4 Nf6 4. d3 Be7 5. O-O O-O 6. Re1 d6 7. a4 Bg4 8. h3 {C55: Two Knights: 4 d3, 4 d4 exd4 5 e5 and Max Lange Attack} Bh5 9. c3 d5 10. exd5 Nxd5 11. a5 {LiveBook: 12 Games} Nf6 $146 {[#]} (11... a6 $14) ({Predecessor:} 11... a6 12. Nbd2 Kh8 13. Ne4 f6 14. Qb3 Bxf3 15. Bxd5 {½-½ (66) Bologan,V (2682)-Naiditsch,A (2678) Kallithea 2008 CBM 127 [Bologan,V]}) 12. a6 $1 $16 {[%cal Ra6b7]} bxa6 13. Rxa6 ({White should play} 13. Nbd2 $18) 13... Nb8 14. Ra1 Nbd7 15. Nbd2 {[%cal Bb1d2,Bd2f1,Bf1g3][%mdl 32]} Bd6 16. Nf1 Nb6 17. Bb3 (17. Bb5 $142) 17... Re8 18. Ng3 Bg6 19. Bg5 h6 20. Bh4 c5 21. Qe2 Nbd7 22. Ba4 {Threatens to win with Bxf6.} Rf8 (22... Re6 $16) 23. Bxd7 $18 Qxd7 {[#]} 24. Nxe5 (24. Bxf6 $1 $18 {is the precise move to win.} gxf6 25. Ne4) 24... Bxe5 $16 25. Qxe5 Nd5 26. Ne4 Rfe8 27. Nxc5 Rxe5 28. Nxd7 Rxe1+ 29. Rxe1 Bxd3 30. Ne5 Bc2 31. Nc6 a5 32. Re5 Bb3 33. Bg3 a4 $2 {[#]} (33... Kh7 $16 {was called for.}) 34. Rxd5 $1 $18 {[%mdl 512]} Bxd5 {[%mdl 4096] Endgame KRB-KBN} 35. Ne7+ Kh7 {White must now prevent ...Rd8.} 36. Nxd5 Rd8 (36... a3 $142 37. bxa3 Rxa3) 37. Nb6 Rd1+ 38. Kh2 Ra1 39. Bd6 Kg6 40. Ba3 {Precision: White = 68%, Black = 55%.} 1-0

[Event "22nd OIBM 2018"]
[Site "Gmund am Tegernsee"]
[Date "2018.10.31"]
[Round "5"]
[White "Stark, Lars"]
[Black "Fier, Alexandr"]
[Result "0-1"]
[WhiteElo "2374"]
[BlackElo "2558"]
[Annotator "TA"]
[PlyCount "56"]
[EventDate "2018.10.27"]
[EventType "swiss"]
[EventCountry "GER"]
[SourceTitle "playchess.com"]
[Source "ChessBase"]
[SourceQuality "1"]

{[%evp 23,56,-9,-14,-16,0,0,0,-33,-24,-25,0,0,0,0,0,-86,-30,-164,-72,-299,-173,-406,-380,-397,-423,-441,-442,-391,-422,-416,-353,-493,-482,-463,-392]} 1. c4 g6 2. g3 Bg7 3. Bg2 f5 4. Nc3 Nf6 5. d3 O-O 6. e4 fxe4 7. dxe4 d6 8. Nge2 c5 {A10: Abarten von Holländisch, Damenindisch, Königsindisch (ohne d2-d4)} 9. O-O Nc6 10. h3 e5 11. Bg5 Be6 12. Nd5 Qd7 {LiveBook: 16 Partien} 13. Kh2 Nh5 (13... Nd4 14. Nxd4 cxd4 15. Qd3 Nh5 16. Rac1 h6 {0-1 (46) Pancevski,F (2489)-Cheparinov,I (2715) Batumi 2018}) 14. Qd2 Rf7 15. a3 $146 ({Vorgänger:} 15. f3 Raf8 16. h4 {0-1 (62) Wadsworth,M (2354)-Pruijssers,R (2523) St Clement Bay 2018}) 15... Raf8 16. f3 Bxd5 17. exd5 Nd4 18. Nxd4 cxd4 19. a4 {[#]} (19. Qe2 $11 {hält das Gleichgewicht.}) 19... e4 $1 {[%mdl 512]} 20. f4 (20. fxe4 $11 {und Weiss steht sicher.} Be5 21. Bh4) 20... Re8 (20... h6 $19 {und Schwarz behält klar die Oberhand.} 21. Bh4 e3) 21. Rfe1 $2 {[#]} (21. Rae1 $17 {war angesagt.}) 21... h6 (21... Nxg3 $142 $1 {[%mdl 512] Und ...e3 würde nun gewinnen.} 22. Kxg3 e3) 22. Bh4 $2 {[#]} (22. Bxe4 Rxe4 23. Rxe4 hxg5 24. Qd3) 22... g5 $1 $19 {[%mdl 512]} 23. fxg5 e3 24. Qe2 hxg5 25. Qxh5 gxh4 26. Qxh4 d3 27. Be4 Rf2+ 28. Kg1 Bf6 {Precision: Weiß = 32%, Schwarz = 47%.} 0-1

[Event "22nd OIBM 2018"]
[Site "Gmund am Tegernsee"]
[Date "2018.10.31"]
[Round "5"]
[White "Slugin, Sergey"]
[Black "Billio, Atto"]
[Result "1-0"]
[WhiteElo "2362"]
[BlackElo "2074"]
[Annotator "TA"]
[PlyCount "29"]
[EventDate "2018.10.27"]
[EventType "swiss"]
[EventCountry "GER"]
[SourceTitle "playchess.com"]
[Source "ChessBase"]
[SourceQuality "1"]

{[%evp 14,29,141,132,141,148,205,198,241,246,332,316,608,587,664,668,606,471]} 1. e4 c5 2. Nf3 {[%cal Bg1f3,Bf3d4,Bd4b5,Bb5d6][%mdl 32]} e6 3. g3 Nc6 4. Bg2 g6 5. d4 cxd4 6. Nxd4 {B40: Sicilian: 2...e6, Unusual lines} Bg7 (6... Qb6 7. Nxc6 bxc6 8. Be3 Qc7 9. O-O Bg7 10. Bc5 d5 11. Nd2 Nf6 12. Re1 Bf8 13. Bxf8 Kxf8 {0-1 (49) Carlsen,M (2837)-Svidler,P (2749) Astana 2012}) 7. Nb5 Qa5+ 8. N1c3 {LiveBook: 3 Games. White is clearly better.} a6 9. Nd6+ Kf8 (9... Ke7 $16) 10. O-O $18 ({Much less strong is} 10. Qf3 $6 Bf6 $16) 10... Qc7 $146 ({Predecessor:} 10... Bd4 11. Ne2 Qc5 12. Nxc8 Rxc8 {1-0 (29) Brunello,M (2304)-Kolaric,S (2048) Ruzomberok 2014}) 11. Be3 b6 12. f4 Ke7 $2 {[#]} (12... Rb8 13. e5 Nge7) 13. e5 {White is clearly winning.} f5 14. Na4 Rb8 15. Nxb6 1-0